[Event "USA-ch Girls 2017"]
[Site "Saint Louis"]
[Date "2017.07.14"]
[Round "6"]
[White "Eswaran, Ashritha"]
[Black "Ulrich, Rachel J"]
[Result "1-0"]
[WhiteElo "2086"]
[BlackElo "2049"]
[Annotator "NA RC"]
[PlyCount "91"]
[EventDate "2017.??.??"]
[EventType "tourn"]
[EventCountry "USA"]
[SourceTitle "playchess.com"]
[Source "ChessBase"]
[SourceQuality "1"]
[TimeControl "40/5400+30:1800+30"]

{[%evp 20,88,8,-36,-10,-35,0,-1,34,34,32767,55,97,68,37,44,43,0,0,0,3,-2,8,-11,3,-20,-29,-7,13,-15,12,32767,-20,-15,-15,-56,0,-7,32767,32767,32767,32767,5,-78,-70,-72,-73,-91,-114,-166,-155,-189,-139,-169,-166,-176,130,114,32767,32767,32767,32767,32767,32767,128,114,171,158,389,444,441]} 1. e4 {[%emt 0:00:00]} c5 {[%emt 0:00:04]} 2. Nf3 {[%emt 0:00:00]} d6 {[%emt 0:00:03]} 3. d4 {[%emt 0:00:00]} cxd4 {[%emt 0:00:04]} 4. Nxd4 {[%emt 0:00:07]} Nf6 {[%emt 0:00:02]} 5. Nc3 {[%emt 0:00:12]} a6 {[%emt 0:00:04]} 6. Nb3 {[%emt 0:00:15]} e6 {[%emt 0:02:03] B90: Sicilian Najdorf: Unusual White 6th moves, 6 Be3 Ng4 and 6 Be3 e5} (6... Nc6 7. Be3 e6 8. g4 h6 9. h4 b5 10. Bg2 Ne5 11. g5 Nfd7 12. f4 Nc4 13. Qe2 Nxb2 14. e5 Rb8 {1-0 (39) Vitiugov,N (2724)-Artemiev,V (2655) Moscow 2017}) 7. g4 {[%emt 0:00:52]} h6 {[%emt 0:00:52]} 8. Bg2 {[%emt 0:00:49]} Nbd7 {[%emt 0:01:06]} 9. Be3 $146 {[%emt 0:02:07]} ({Predecessor:} 9. h4 Ne5 10. g5 hxg5 11. hxg5 Rxh1+ 12. Bxh1 Nfg4 13. f3 Qb6 14. Qd4 {1-0 (23) Lintner,I (2234)-Hrebicik,D (1793) Liptovsky Mikulas 2017}) 9... Qc7 {[%emt 0:00:14]} 10. Qe2 {[%emt 0:01:18]} Ne5 {[%emt 0:05:32]} 11. h3 {[%emt 0:02:17]} Nc4 {[%emt 0:00:23]} 12. O-O-O {[%emt 0:00:53]} Be7 {[%emt 0:02:07]} 13. f4 {[%emt 0:01:52]} Nxe3 {[%emt 0:00:46]} 14. Qxe3 {[%emt 0:00:08]} Bd7 {[%emt 0:14:09]} 15. Kb1 {[%emt 0:10:14]} O-O-O {[%emt 0:08:00]} 16. Qa7 {[%emt 0:12:25]} ({White should play} 16. e5 $16) 16... Bc6 {[%emt 0:06:08]} 17. Nd4 {[%emt 0:02:11]} Nd7 {[%emt 0:01:41]} 18. Nxc6 {[%emt 0:02:59]} (18. f5 $14) 18... Qxc6 {[%emt 0:00:09]} 19. Qf2 {[%emt 0:00:21]} Kb8 {[%emt 0:03:33]} 20. h4 {[%emt 0:07:26]} Rc8 {[%emt 0:02:05]} 21. g5 {[%emt 0:05:50]} b5 {[%emt 0:01:31]} 22. Qd2 {[%emt 0:04:58]} Nb6 {[%emt 0:01:00]} 23. Qd4 {[%emt 0:02:23]} Rhg8 {[%emt 0:06:30]} 24. Rc1 {[%emt 0:01:53]} Nc4 {[%emt 0:06:32]} 25. Rh3 {[%emt 0:05:37]} b4 {[%emt 0:04:47]} 26. Ne2 {[%emt 0:02:15]} e5 {[%emt 0:00:29]} 27. Qd3 {[%emt 0:01:20]} Bd8 {[%emt 0:09:21]} (27... Qc5 $15 28. Qd1 Qf2) 28. Rg3 {[%emt 0:07:16]} Bb6 {[%emt 0:01:05]} 29. Bh3 {[%emt 0:01:52]} Rcd8 {[%emt 0:00:24]} 30. c3 {[%emt 0:03:11]} Qxe4 {[%emt 0:04:02]} 31. cxb4 {[%emt 0:00:15]} (31. Bf5 $1 $11 Qxd3+ 32. Bxd3 exf4 33. Nxf4) 31... Qxd3+ {[%emt 0:00:43]} 32. Rxd3 {[%emt 0:00:08]} e4 {[%emt 0:00:13]} 33. Rdc3 {[%emt 0:01:16]} d5 {[%emt 0:00:09]} 34. a4 {[%emt 0:02:45]} hxg5 {[%emt 0:01:20]} 35. hxg5 {[%emt 0:00:55]} Be3 {[%emt 0:00:36]} 36. Rd1 {[%emt 0:05:09]} Rh8 {[%emt 0:04:37]} 37. Bg4 {[%emt 0:03:17]} Rh4 $2 {[%emt 0:04:35] [#]} (37... Nd2+ $17 {keeps the pressure on.} 38. Kc2 d4 39. Nxd4 Bxd4 40. Rxd2 e3) 38. Rxc4 $1 {[%emt 0:01:09]} Rxg4 {[%emt 0:01:07]} 39. Rxe4 {[%emt 0:00:26]} dxe4 {[%emt 0:00:06]} 40. Rxd8+ {[%emt 0:00:00]} Kc7 {[%emt 0:00:06]} 41. Rf8 {[%emt 0:02:09]} Kd6 {[%emt 0:02:50]} 42. Rxf7 {[%emt 0:00:54]} Ke6 {[%emt 0:00:04]} (42... Rg2 $16 43. Nc3 Bd4) 43. Rf8 {[%emt 0:03:58]} Bd2 $2 {[%emt 0:02:13]} (43... Rg2 {was called for.}) 44. Re8+ {[%emt 0:01:33]} Kf5 $18 {[%emt 0:01:34]} 45. Re5+ {[%emt 0:00:11]} Kg6 {[%emt 0:00:09]} 46. Rxe4 {[%emt 0:00:07]} 1-0

[Event "USA-ch Girls 2017"]
[Site "Saint Louis"]
[Date "2017.07.14"]
[Round "6"]
[White "Nguyen, Emily"]
[Black "Feng, Maggie"]
[Result "1/2-1/2"]
[WhiteElo "2048"]
[BlackElo "2304"]
[Annotator "TA"]
[PlyCount "66"]
[EventDate "2017.??.??"]
[EventType "tourn"]
[EventCountry "USA"]
[SourceTitle "playchess.com"]
[Source "ChessBase"]
[SourceQuality "1"]

{[%evp 16,66,31,23,50,52,53,52,55,45,48,26,27,12,22,28,28,13,35,25,22,14,16,11,22,17,21,12,27,0,0,0,0,0,0,0,0,-12,0,0,0,-24,0,0,0,-7,0,0,0,0,0,0,8]} 1. d4 e6 2. c4 f5 3. g3 Nf6 4. Bg2 c6 5. Nh3 d5 6. O-O Bd6 7. Bf4 Be7 8. Nd2 O-O 9. Qc2 Nh5 {A90: Dutch Defence: Miscellaneous and Modern Stonewall (with ...Bd6)} (9... Ne4 10. Rad1 Nd7 11. f3 Nxd2 12. Bxd2 Nf6 13. Nf2 Bd7 14. e4 fxe4 15. fxe4 Be8 16. e5 Bg6 17. Qb3 {1-0 (35) Ragger,M (2698)-Olafsson,H (2549) Berlin 2015}) 10. Nf3 Nxf4 11. Nxf4 Bd6 {White is slightly better.} 12. Nd3 Nd7 13. Nfe5 $146 (13. Rac1 {is interesting.} g5 14. h3 Qe7 15. Qc3 f4 16. c5) ({Predecessor:} 13. b4 g5 14. b5 g4 15. Nfe5 Bxe5 16. dxe5 Nb6 17. cxd5 cxd5 {1-0 (60) Hawkins,J (2554)-Summerscale,A (2416) Coventry 2015}) 13... Nxe5 14. Nxe5 Bxe5 (14... f4 {feels hotter.} 15. Qc3 Qe7 16. Rac1 g5 17. Rfd1 Qg7) 15. dxe5 f4 16. Qc3 Bd7 {[%cal Bc8d7,Bd7e8,Be8g6][%mdl 32]} 17. Rad1 Be8 18. e4 {[%cal Re4d5]} fxe3 $1 19. Qxe3 Bg6 20. cxd5 cxd5 21. Rc1 Qb6 (21... d4 $5 {[%cal Rd4e3]} 22. Qb3 Qd7 $11) 22. Qd2 Rac8 23. Rxc8 Rxc8 24. Rc1 Rc6 25. Rc3 Bf5 26. Bf1 h6 27. Rb3 Qc7 28. Qd4 b6 29. Rc3 {The position is equal.} Rc5 30. f4 Rxc3 31. bxc3 Qc5 32. Qxc5 bxc5 33. Be2 Kf7 {Precision: White = 64%, Black = 61%.} 1/2-1/2

[Event "USA-ch Girls 2017"]
[Site "Saint Louis"]
[Date "2017.07.14"]
[Round "6"]
[White "Bykovtsev, Agata"]
[Black "Yip, Carissa"]
[Result "0-1"]
[WhiteElo "2045"]
[BlackElo "2261"]
[Annotator "TA"]
[PlyCount "100"]
[EventDate "2017.??.??"]
[EventType "tourn"]
[EventCountry "USA"]
[SourceTitle "playchess.com"]
[Source "ChessBase"]
[SourceQuality "1"]

{[%evp 25,100,-60,-37,-28,-25,-36,88,81,71,0,-2,-10,-9,-212,-211,-266,-268,-249,0,-357,-376,-370,-357,-366,-354,-372,-381,-383,-359,-360,-315,-370,-368,-370,-370,-356,-356,-327,-313,-334,-281,-375,-331,-362,-296,-319,-316,-355,-349,-482,-488,-502,-501,-656,-625,-707,-659,-678,-652,-635,-625,-1117,-1117,-29971,-5493,-29982,-1100,-29968,-29972,-6261,-10085,-6629,-6533,-29986,-29987,-29987,-29988]} 1. e4 c5 2. Nf3 d6 3. Nc3 Nf6 4. d4 cxd4 5. Nxd4 a6 6. Bc4 e6 7. O-O Be7 8. Bb3 O-O 9. f4 b5 10. e5 dxe5 11. fxe5 Nfd7 12. Be3 Nxe5 13. Qh5 Nbc6 14. Nxc6 {B87: Sicilian Scheveningen/Najdorf: 6 Bc4, with early ...b5} Nxc6 15. Rf3 b4 (15... Qd6 $15) 16. Rh3 $1 $16 {[%csl Gh3][%cal Rh5h7] White is better.} h6 {[#]} 17. Rd1 (17. Bxh6 $1 $16 {[%mdl 512]} gxh6 18. Rd1 Qb6+ 19. Kh1) 17... Qa5 $11 18. Nd5 $1 {[%cal Rd5e7]} exd5 19. Rg3 $2 {[#]} (19. Rxd5 $11 Qc7 20. Rg3) 19... Bf6 $146 {Hoping for ...Be6.} ({Predecessor:} 19... d4 20. Bd5 Bg5 21. Bxg5 Qxd5 22. Bf6 Qxh5 23. Rxg7+ Kh8 24. Rg6+ Kh7 25. Rg7+ {½-½ (25) Short,N (2690)-Kasparov,G (2795) Novgorod 1997}) 20. Rxd5 Qc7 21. Bxh6 {Rxg7+! would kill now.} Qe7 $2 ({Weaker is} 21... Bxb2 22. Rxg7+ $3 {[%mdl 512]} Kh8 23. Bf4+ Kxg7 24. Qh6+ Kg8 25. Rg5+ Bg7 26. Rxg7#) (21... Ne7 $1 $19 {[%cal Re7d5]} 22. Bxg7 Bxg7) 22. Kf1 $2 {[%mdl 8192] [#]} (22. h3 $1 $11) 22... Re8 $1 {[%csl Ge8][%cal Re7e1]} 23. Re3 Be6 24. Bxg7 Bxg7 ({Wrong is} 24... Kxg7 $2 25. Rg3+ Bg5 26. Rdxg5+ Qxg5 27. Qxg5+ $18) 25. Rg5 Qd6 26. Rxg7+ Kxg7 27. Qg5+ {[#]} Kf8 $1 ({Don't take} 27... Kh7 28. Qh5+ Kg8 29. Qg5+ Kh7 30. Qh5+ Kg8 31. Qg5+ Kf8 32. Qh6+ Ke7 33. Qh4+ Kd7 34. Rd3 $19) 28. Qh6+ Ke7 29. Qh4+ Kd7 {Strongly threatening ...Bxb3.} 30. Rd3 {[#]} Qxd3+ $1 31. cxd3 Bxb3 32. axb3 Re6 33. h3 Rae8 34. Qg4 Kd8 35. Kg1 a5 36. Qg5+ f6 37. Qb5 Kc7 38. d4 {intending d5.} Rd6 39. Qf5 Re1+ 40. Kf2 Rd1 41. h4 R1xd4 42. h5 Ne5 43. Qh7+ Rd7 44. Qh8 Rd2+ 45. Kg3 Rxb2 (45... R7d3+ $142 46. Kf4 Rd4+ 47. Kf5 Rf2+ 48. Ke6 Rd6+ 49. Ke7 Rd7+ 50. Kf8 Rd8+ 51. Ke7 Rxh8 52. g4 Rxb2 53. Ke6 a4 54. bxa4 b3 55. Kd5 Rd2+ 56. Ke6 Rd6+ 57. Kf5 b2 58. Kf4 b1=Q 59. Kg3 Qg1+ 60. Kh3 Qxg4+ 61. Kh2 Rxh5#) 46. Qa8 Rxb3+ 47. Kf4 Nc6 48. h6 Rc3 49. Qa6 Rd4+ 50. Kf5 Ne7+ {Precision: White = 48%, Black = 60%.} 0-1

[Event "USA-ch Girls 2017"]
[Site "Saint Louis"]
[Date "2017.07.14"]
[Round "6"]
[White "Cervantes Landeiro, Thalia"]
[Black "Virkud, Apurva"]
[Result "1-0"]
[WhiteElo "2032"]
[BlackElo "2213"]
[Annotator "TA"]
[PlyCount "85"]
[EventDate "2017.??.??"]
[EventType "tourn"]
[EventCountry "USA"]
[SourceTitle "playchess.com"]
[Source "ChessBase"]
[SourceQuality "1"]

{[%evp 20,85,36,40,39,12,38,0,18,14,51,25,128,106,194,165,194,177,190,177,316,329,359,310,460,426,407,397,414,431,431,386,398,373,433,414,1859,1526,1221,936,901,865,797,728,707,633,1002,985,1338,1325,1222,1192,923,809,2304,2312,1997,2033,1302,1852,1689,1571,1373,1347,5690,3584,4134,2394]} 1. d4 d5 2. c4 e6 3. Nc3 Be7 4. cxd5 exd5 5. Bf4 c6 6. Qc2 Nf6 7. h3 O-O 8. e3 Nbd7 {[%cal Bb8d7,Bd7f8,Bf8e6][%mdl 32]} 9. Bd3 Re8 10. Nf3 Nf8 11. O-O g6 {D35: Queen's Gambit Declined: Exchange Variation} 12. Ne5 Ne6 13. Bh2 Ng7 {The position is equal.} 14. g4 Bd6 {[#]} 15. Kh1 $146 ({Predecessor:} 15. f4 Nd7 16. e4 Nb6 17. f5 f6 18. exd5 Nxd5 19. Nxd5 cxd5 {½-½ (44) Volkov,S (2617)-Sarana,A (2457) Taganrog 2017}) 15... Qe7 {[#]} (15... Bxg4 $11 16. Nxg4 (16. hxg4 Bxe5 17. Bxe5 Nxg4 $11) 16... Nxg4 17. Bxd6 Qh4) 16. f4 $1 $16 {[%cal Bf2f4,Bf4f5][%mdl 32]} Qc7 (16... Rf8 $16) 17. Rac1 Qd8 18. Qg2 Nd7 {[#]} 19. e4 $1 Nf6 (19... f6 $142 20. Nxd7 (20. exd5 fxe5 21. fxe5 Be7 $16) 20... Bxd7) 20. f5 $18 ({But not} 20. exd5 Nxd5 21. Nxd5 Bxe5 $18) 20... g5 21. Rce1 dxe4 (21... Bb4 $142 22. exd5 Bxc3) 22. Bc4 {[%cal Bd3c4,Bc4b3,Bb3d5][%mdl 32]} Re7 23. Nxe4 Bxe5 24. dxe5 {[%cal Bd4e5,Be5e6][%mdl 32]} ({Much less strong is} 24. Bxe5 Nxe4 25. Qxe4 Re8 $18) 24... Nxe4 25. Qxe4 ({Less strong is} 25. Rxe4 b5 $18) 25... b5 26. Rd1 Qb6 27. Bb3 {Hoping for f6.} Re8 {[#]} (27... Bb7 $142 28. f6 c5) 28. e6 $1 {[%mdl 512] White is clearly winning.} f6 (28... fxe6 29. f6) 29. Bg1 c5 30. Bd5 Rb8 31. b4 Bb7 32. Bxc5 Qc7 33. Bxb7 Qxb7 34. Qxb7 Rxb7 35. Rd7 Rbb8 36. Rfd1 Rec8 37. Rxa7 Ra8 38. Rxa8 Rxa8 39. e7 {Threatening mate with Rd8+.} Re8 40. Rd8 Kf7 41. Kg2 h5 42. Kf3 hxg4+ 43. hxg4 {Precision: White = 78%, Black = 31%.} 1-0

[Event "USA-ch Girls 2017"]
[Site "Saint Louis"]
[Date "2017.07.14"]
[Round "6"]
[White "Wang, Annie"]
[Black "Gorti, Akshita"]
[Result "0-1"]
[WhiteElo "2023"]
[BlackElo "2232"]
[Annotator "TA"]
[PlyCount "112"]
[EventDate "2017.??.??"]
[EventType "tourn"]
[EventCountry "USA"]
[SourceTitle "playchess.com"]
[Source "ChessBase"]
[SourceQuality "1"]

{[%evp 20,112,12,12,21,12,14,12,12,7,14,17,44,38,94,99,88,66,84,69,164,50,47,42,126,68,53,50,147,141,171,19,30,33,57,40,32,20,20,24,33,29,28,24,31,-24,-20,-20,-21,-56,-47,-75,-88,-80,-57,-53,-27,-29,-35,-150,-63,-67,-54,-48,-56,-55,-14,-209,-210,-243,-242,-481,-372,-489,-362,-316,-310,-285,-231,-282,-291,-671,-636,-775,-758,-1155,-1146,-1146,-1145,-29988,-29989,-29989,-29990,-29990,-29991]} 1. d4 e6 2. c4 Nf6 3. Nf3 b6 4. g3 Bb7 5. Bg2 Be7 6. Nc3 Ne4 7. Bd2 d6 8. d5 Nxd2 9. Nxd2 O-O 10. O-O e5 {E18: Queen's Indian: Old Main Line (4 g3 Bb7 5 Bg2 Be7 6 0-0 0-0 7 Nc3)} 11. e4 {LiveBook: 3 Games} (11. b4 a5 12. bxa5 Rxa5 13. Nb3 Ra8 14. a4 Bc8 15. a5 Na6 16. Nb5 f5 17. Ra3 f4 18. axb6 cxb6 19. Nd2 Bg4 20. Bf3 Bh3 21. Bg2 Bg4 22. Bf3 Bh3 23. Bg2 {½-½ (23) Tomashevsky,E (2711)-Rapport,R (2692) Sharjah 2017}) 11... Nd7 12. Qc2 g6 {The position is equal.} 13. Rfe1 $146 ({Predecessor:} 13. b4 f5 14. exf5 gxf5 15. Bh3 f4 16. Nde4 Bc8 17. Kh1 Nf6 18. Bxc8 Qxc8 {1-0 (60) Johansen,D (2458)-Gorka,C (2194) Melbourne 2006}) 13... Bg5 14. Rad1 Nf6 15. b4 Nh5 16. c5 f5 (16... Bc8 $14) 17. exf5 $16 gxf5 18. Nc4 Ng7 19. a4 Bc8 (19... a6 $14) 20. a5 ({Better is} 20. Nb5 $1 $18) 20... bxc5 $14 21. bxc5 f4 (21... Ba6 $14) 22. Qe2 ({White should play} 22. Ne4 $16) 22... Ba6 {And now ...f3 would win.} 23. Qa2 Rb8 (23... Kh8 $14) 24. Ne4 $1 $16 Nf5 {[#]} 25. Rb1 $2 (25. Nxe5 $1 $18 {[%mdl 512]} dxe5 26. d6+ Kh8 27. dxc7 Qxc7 28. Nxg5) 25... Rxb1 26. Rxb1 Be7 27. cxd6 cxd6 28. Nxe5 dxe5 29. d6+ Kh8 30. dxe7 Qxe7 31. Qd5 Nd4 32. Qd6 (32. Qc5 $14 Qxc5 33. Nxc5) 32... Qxd6 $11 33. Nxd6 f3 34. Bh3 Kg7 35. Re1 Ne2+ 36. Kh1 Rd8 37. Ne4 Rd5 38. Bg4 $1 Nd4 39. Ra1 {[#]} (39. Rc1 $15) 39... Kg6 (39... Bd3 $1 $17 {[%cal Rd3e4]} 40. Nd2 e4) 40. h4 $15 Bd3 41. Ng5 e4 42. Nh3 Ne2 43. Ng1 $2 (43. Nf4+ $11 Nxf4 44. gxf4) 43... h5 $19 44. Bh3 Rc5 45. Bf1 $2 (45. Rd1 Nd4 46. a6) 45... Kf5 46. Nh3 Rc2 47. Ng5 Nc1 48. Bh3+ Kf6 49. Rb1 {Now Rb8 and White clings on.} Ke5 ({Weaker is} 49... Rxf2 50. Rxc1 Ra2 51. Rc8 $11) 50. Kg1 $2 (50. Nf7+ Kd4 51. Ng5) 50... Ne2+ 51. Kh2 Nc3 52. Re1 Rxf2+ 53. Kg1 Re2 {( -> ...f2+)} 54. Rxe2 fxe2 {Black mates.} 55. Kf2 Nd1+ 56. Ke1 Ne3 {Precision: White = 39%, Black = 45%.} 0-1

[Event "USA-ch Girls 2017"]
[Site "Saint Louis"]
[Date "2017.07.15"]
[Round "7"]
[White "Feng, Maggie"]
[Black "Wang, Annie"]
[Result "1/2-1/2"]
[WhiteElo "2304"]
[BlackElo "2023"]
[Annotator "TA"]
[PlyCount "155"]
[EventDate "2017.??.??"]
[EventType "tourn"]
[EventCountry "USA"]
[SourceTitle "playchess.com"]
[Source "ChessBase"]
[SourceQuality "1"]

{[%evp 17,155,12,16,0,0,0,16,37,28,22,24,14,31,22,25,0,20,-7,-8,-10,18,-37,-46,-103,-109,-114,-120,-119,-120,-102,-102,-122,-100,-107,-122,-140,-136,-133,0,0,0,0,11,0,0,-93,6,0,10,0,137,170,144,145,206,201,198,168,230,229,239,215,288,284,331,331,352,350,348,303,380,366,383,383,470,464,537,485,515,322,432,137,137,137,137,137,137,137,137,137,152,137,156,156,156,156,162,156,156,156,156,156,154,154,156,156,156,155,156,137,155,155,155,137,137,137,137,137,150,137,149,137,148,137,137,137,143,143,143,143,143,137,177,177,238,160,160,160,160,160]} 1. Nf3 Nf6 2. g3 b5 3. Bg2 Bb7 4. O-O e6 5. d3 Be7 6. e4 O-O 7. e5 {A05: Réti Opening: 1 Nf3 Nf6} Nd5 8. c4 bxc4 9. dxc4 Nb6 {LiveBook: 3 Games} 10. b3 $146 ({Predecessor:} 10. Qe2 d5 11. exd6 cxd6 12. Nc3 Nc6 13. Rd1 Rc8 14. c5 Nd5 15. Nxd5 exd5 16. Rxd5 {0-1 (44) Dubov,D (2661)-Savchenko,B (2567) Moscow 2015}) 10... d5 11. cxd5 exd5 12. Nd4 Re8 13. Bb2 Bf8 14. f4 c5 15. Nf5 Nc6 {[%cal Bb8c6,Bc6d4,Bd4e2][%mdl 32]} 16. Nc3 {[%cal Rc3d5]} g6 17. Nd6 Bxd6 18. exd6 Nd4 19. b4 (19. Ba3 $11) 19... Qxd6 $15 20. bxc5 (20. Rf2 $15) 20... Qxc5 $17 21. Na4 Ne2+ $1 22. Kh1 Nxa4 $1 23. Qxa4 Bc6 {[%cal Bb7c6,Bc6b5,Bb5c4][%mdl 32]} 24. Qa6 Re6 25. Be5 Bb5 26. Qa5 Rc8 {And now ...Nxg3+! would win.} 27. Rab1 {[#]} Rb6 (27... Rxe5 $1 $17 {[%mdl 512]} 28. fxe5 Nxg3+ $1 {[%mdl 512]} 29. hxg3 Bxf1 30. Qxc5 Bxg2+ 31. Kxg2 Rxc5 32. Rb8+ Kg7) 28. Qxa7 $11 f6 $1 29. Ba1 $36 {[%mdl 2048] Hoping for a4. White fights for an advantage.} Ra6 30. Qb7 Bc4 31. a4 {[#]} (31. Qd7 $11 {keeps the balance.} Qc7 32. Qxc7 (32. Bxd5+ $2 Kh8 $19) 32... Rxc7 33. Rfd1) 31... Rac6 ({Better is} 31... d4 $1 $17 32. Qd7 Ra7) 32. Rfe1 Ba6 (32... R8c7 $5 {[%cal Rc7b7]} 33. Qb4 d4 $14) 33. Qb2 d4 (33... Re6 $11) 34. Rxe2 $16 Bxe2 35. Qxe2 R6c7 (35... Rb6 $16 {was worth a try.} 36. Rf1 Rd6) 36. Rd1 $18 Rd8 37. h3 Re7 (37... Kg7 $142 38. a5 d3) 38. Qf2 Red7 39. Kh2 Kg7 40. Bf1 {[%cal Bg2f1,Bf1b5,Bb5c6,Bc6f3][%mdl 32]} Qb4 41. Bb5 Rd5 42. Qe2 Rc8 43. Qd3 Rcd8 44. Rd2 Rc8 45. Bb2 Rcd8 46. Bc6 Rh5 47. Bxd4 Rd6 48. Bf3 Ra5 49. Bc3 $2 (49. Qe3 $18 {is the precise move to win.} Re6 50. Bc3) 49... Rxd3 $16 {White is clearly better.} 50. Bxb4 Rxd2+ 51. Bxd2 Rxa4 {...Ra2 is the strong threat.} 52. Kg1 Ra2 53. Be1 Rc2 54. Kf1 Kf7 55. Be4 Rc5 56. Ke2 Kg7 57. Bf2 Rc3 58. Bd3 Ra3 59. Bc5 Ra5 60. Bb4 Ra4 61. Bd2 Ra8 62. Be4 Ra3 63. Be3 Ra2+ 64. Kf1 Rb2 65. Bf2 Rb4 66. Bf3 Rb3 67. Kg2 Rb4 68. Be2 Rb3 69. g4 h6 70. Bd4 {aiming for g5.} Rb4 {[#]} 71. Be3 $1 g5 72. f5 Rb3 73. Bf2 Ra3 74. Bf3 Rb3 75. h4 Ra3 (75... gxh4 {was necessary.} 76. Bxh4 Rb4) 76. hxg5 hxg5 77. Bd4 Rd3 78. Bc5 {Precision: White = 58%, Black = 41%.} 1/2-1/2

[Event "USA-ch Girls 2017"]
[Site "Saint Louis"]
[Date "2017.07.15"]
[Round "7"]
[White "Yip, Carissa"]
[Black "Eswaran, Ashritha"]
[Result "1-0"]
[WhiteElo "2261"]
[BlackElo "2086"]
[Annotator "TA"]
[PlyCount "145"]
[EventDate "2017.??.??"]
[EventType "tourn"]
[EventCountry "USA"]
[SourceTitle "playchess.com"]
[Source "ChessBase"]
[SourceQuality "1"]

{[%evp 15,145,-6,0,-2,0,0,11,-6,10,11,11,16,12,9,12,0,0,-23,7,-22,0,-2,0,-34,0,0,15,14,12,12,11,11,11,10,10,16,112,118,122,122,122,120,110,110,110,114,118,87,93,90,113,89,88,61,80,80,78,60,61,60,60,11,56,11,12,11,101,87,101,101,101,101,110,103,872,767,1696,3778,3579,8,8,0,4562,3068,1556,988,29952,29955,29955,29956,29955,29956,29959,29953,29959,29955,29955,29955,29956,29955,29956,29959,29963,29962,29968,29972,29973,29972,29976,29978,29983,29979,29984,29985,29985,29976,29971,29971,29971,29965,29974,29974,29972,29972,29972,29973,29970,29972,29946,29946,29992,29993]} 1. e4 c5 2. Nf3 d6 3. d4 cxd4 4. Nxd4 e5 5. Nf3 Nf6 6. Nc3 h6 {B56: Classical Sicilian: Unusual Lines} 7. h3 (7. Bc4 Be6 8. Bb3 Be7 9. O-O O-O 10. Be3 Nc6 11. Qe2 Na5 12. Rfd1 Qc7 13. Nd5 Nxd5 14. Bxd5 Nc4 15. c3 {½-½ (71) Hou,Y (2623)-Nakamura,H (2775) Hoogeveen 2012}) 7... Be6 8. Be3 Nc6 {LiveBook: 4 Games. The position is equal.} 9. Qd2 Qa5 $146 ({Predecessor:} 9... Rc8 10. O-O-O Be7 11. Kb1 a6 12. g4 Qa5 13. Nd5 Nxe4 14. Qxa5 Nxa5 {0-1 (51) Bray,J (1906)-Andres Gonzalez,I (2363) Coimbra 2014}) 10. a3 d5 (10... Be7 {feels hotter.} 11. Bd3 d5 12. Nxd5 Qxd2+ 13. Nxd2 Nxd5 14. exd5 Bxd5 15. O-O O-O) 11. exd5 (11. Nxd5 $5 {[%cal Rd2a5]} Qxd2+ 12. Nxd2 Nxd5 13. exd5 Bxd5 14. O-O-O $11) 11... Nxd5 12. Nxd5 {And now Qxa5 would win.} Qxd2+ 13. Nxd2 Bxd5 14. O-O-O O-O-O 15. b4 Be7 16. f3 Kb8 17. c3 Be6 18. Be2 Rd7 19. Nc4 Rxd1+ (19... Rc7 {looks sharper.} 20. Kb2 Rhc8 21. Rhe1 Nxb4 22. axb4 Bxc4 23. Bxc4 Rxc4 24. Rd7 R4c7) 20. Rxd1 Rc8 21. Kb2 Nxb4 22. cxb4 Bxc4 23. Bxc4 Rxc4 $11 {[%mdl 4096] Endgame KRB-KRB} 24. Rd7 Bf6 {next ...e4+ is good for Black.} 25. Kb3 Rc6 (25... b5 $1 $11) 26. b5 $1 $16 {[%cal Rb5c6]} Re6 27. Rxf7 e4 28. fxe4 $1 Rxe4 {[#]} 29. Bxh6 $1 {[%mdl 512]} gxh6 30. Rxf6 {KR-KR} h5 31. Rg6 (31. Rf5 {with more complications.} h4 32. Rc5 Re3+ 33. Kb4 Rg3 34. Rh5) 31... Kc7 32. Rg5 h4 33. a4 Kd6 34. Rg7 Re3+ 35. Kc2 Re4 36. Rxb7 Rxa4 37. Kd3 Ke5 38. Ke3 Kf5 39. Rg7 Rb4 $1 40. Kd3 Ra4 (40... Rxb5 $11 {keeps the balance.} 41. Rxa7 Kg6) 41. Kc3 Kf6 42. Rd7 Ra2 43. Rd2 Ra3+ 44. Kb4 Rg3 $2 {[%mdl 8192]} (44... Ra1 $16) 45. Rd7 $18 Rxg2 46. Rxa7 Rb2+ 47. Kc5 $2 (47. Ka5 $1 $18 {Hoping for b6.} Rb3 48. b6) 47... Rc2+ $11 48. Kb4 $2 {[%mdl 8192]} (48. Kd6 $11 Rc3 49. Ra2) 48... Rb2+ $18 {[#]} 49. Ka5 $1 Rb3 50. b6 Rxh3 {[#]} 51. b7 $1 {[%cal Rb7b8] White mates.} Ra3+ 52. Kb4 Rxa7 53. b8=Q {KQ-KR} Rh7 54. Qf8+ Kg6 55. Qg8+ Rg7 56. Qe8+ Kf5 57. Qc8+ Kf6 58. Qh8 Kf7 59. Qxh4 Rg6 60. Kc5 Ke6 61. Qe4+ Kf6 62. Kd6 Rg5 63. Qe6+ Kg7 64. Ke7 Rg6 65. Qf5 Kh6 66. Qf4+ Kh5 67. Kf7 Rg5 68. Qh2+ Kg4 69. Qg2+ Kf4 70. Qf2+ Ke4 71. Kf6 Rd5 72. Qe2+ Kf4 73. Qc4+ {Precision: White = 65%, Black = 45%.} 1-0